Checking your grammar / (Record no. 8565)

MARC details
000 -LEADER
fixed length control field 01229pam a2200361 a 4500
001 - CONTROL NUMBER
control field 8565
003 - CONTROL NUMBER IDENTIFIER
control field FISKH
005 - DATE AND TIME OF LATEST TRANSACTION
control field 20250930110259.0
008 - FIXED-LENGTH DATA ELEMENTS--GENERAL INFORMATION
fixed length control field 921231s1993 nyua j 001 0 eng
010 ## - LIBRARY OF CONGRESS CONTROL NUMBER
LC control number 92047493
020 ## - INTERNATIONAL STANDARD BOOK NUMBER
International Standard Book Number 0590494546 :
Terms of availability $10.95
020 ## - INTERNATIONAL STANDARD BOOK NUMBER
International Standard Book Number 9780590494540
020 ## - INTERNATIONAL STANDARD BOOK NUMBER
International Standard Book Number 9780590494557
035 ## - SYSTEM CONTROL NUMBER
System control number 4398103
040 ## - CATALOGING SOURCE
Original cataloging agency DLC
Transcribing agency DLC
Modifying agency DLC
Language of cataloging eng
050 00 - LIBRARY OF CONGRESS CALL NUMBER
Classification number PE1112
Item number .T46 1993
082 00 - DEWEY DECIMAL CLASSIFICATION NUMBER
Classification number 428.2
Edition number 20
100 1# - MAIN ENTRY--PERSONAL NAME
Personal name Terban, Marvin.
245 10 - TITLE STATEMENT
Title Checking your grammar /
Statement of responsibility, etc. Marvin Terban.
260 ## - PUBLICATION, DISTRIBUTION, ETC.
Place of publication, distribution, etc. New York :
Name of publisher, distributor, etc. Scholastic,
Date of publication, distribution, etc. 1993.
300 ## - PHYSICAL DESCRIPTION
Extent 144 pages :
Other physical details color illustrations ;
Dimensions 22 cm
440 #0 - SERIES STATEMENT/ADDED ENTRY--TITLE
Title Scholastic guides
500 ## - GENERAL NOTE
General note Includes index.
520 ## - SUMMARY, ETC.
Summary, etc. A practical guide to grammar and usage, covering such topics as parts of speech, punctuation, capitalization, spelling, and idioms.
650 #0 - SUBJECT ADDED ENTRY--TOPICAL TERM
Topical term or geographic name entry element English language
General subdivision Grammar
Form subdivision Juvenile literature.
650 #0 - SUBJECT ADDED ENTRY--TOPICAL TERM
Topical term or geographic name entry element English language
General subdivision Usage
Form subdivision Juvenile literature.
650 #1 - SUBJECT ADDED ENTRY--TOPICAL TERM
Topical term or geographic name entry element English language
General subdivision Grammar.
650 #1 - SUBJECT ADDED ENTRY--TOPICAL TERM
Topical term or geographic name entry element English language
General subdivision Usage.
655 #7 - INDEX TERM--GENRE/FORM
Genre/form data or focus term Literature.
Source of term lcgft
Authority record control number or standard number https://id.loc.gov/authorities/genreForms/gf2014026415
906 ## - LOCAL DATA ELEMENT F, LDF (RLIN)
a 7
b cbc
c orignew
d 1
e ocip
f 19
g y-gencatlg
942 ## - ADDED ENTRY ELEMENTS (KOHA)
Source of classification or shelving scheme Dewey Decimal Classification
Koha item type Books
Suppress in OPAC No
Holdings
Withdrawn status Lost status Source of classification or shelving scheme Damaged status Not for loan Collection Home library Current library Shelving location Date acquired Total Checkouts Full call number Barcode Date last seen Copy number Price effective from Koha item type Date last checked out
    Dewey Decimal Classification     Reference Footprints International School Library Network Toul Kork Campus Footprints International School Library Network Toul Kork Campus Librarian's Shelf TK 09/30/2025   TER 428.2 PE1112 .T46 FISTK04829 09/30/2025 1 09/30/2025 Books  
    Dewey Decimal Classification     Reference Footprints International School Library Network Toul Kork Campus Footprints International School Library Network Toul Kork Campus Librarian's Shelf TK 09/30/2025 1 TER 428.2 PE1112 .T46 FISTK05497 01/27/2026 2 09/30/2025 Books 11/18/2025
    Dewey Decimal Classification     Reference Footprints International School Library Network Toul Tom Poung Campus Footprints International School Library Network Toul Tom Poung Campus Librarian's Shelf TTP 03/31/2026   TER 428.2 PE1112 .T46 FISSE01039 03/31/2026 3 03/31/2026 Books